The Christian traveler's guide to the Holy Land / (Record no. 10660)

MARC details
000 -LEADER
fixed length control field 01243pam a2200325 a 4500
001 - CONTROL NUMBER
control field 1183011
003 - CONTROL NUMBER IDENTIFIER
control field OSt
005 - DATE AND TIME OF LATEST TRANSACTION
control field 20210301160642.0
008 - FIXED-LENGTH DATA ELEMENTS--GENERAL INFORMATION
fixed length control field 971020s1998 tnuab b 000 0 eng
010 ## - LIBRARY OF CONGRESS CONTROL NUMBER
LC control number 97044785
020 ## - INTERNATIONAL STANDARD BOOK NUMBER
International Standard Book Number 0805401563 (pbk.)
040 ## - CATALOGING SOURCE
Original cataloging agency DLC
Transcribing agency DLC
Modifying agency DLC
043 ## - GEOGRAPHIC AREA CODE
Geographic area code a-is---
-- awba---
050 00 - LIBRARY OF CONGRESS CALL NUMBER
Classification number DS103
Item number D996C
082 00 - DEWEY DECIMAL CLASSIFICATION NUMBER
Classification number 915.69404/54/024204
Edition number 21
Item number D996C
100 1# - MAIN ENTRY--PERSONAL NAME
Personal name Dyer, Charles H.,
Dates associated with a name 1952-
245 14 - TITLE STATEMENT
Title The Christian traveler's guide to the Holy Land /
Statement of responsibility, etc. Charles H. Dyer, Gregory A. Hatteberg.
260 ## - PUBLICATION, DISTRIBUTION, ETC.
Place of publication, distribution, etc. Nashville, Tenn. :
Name of publisher, distributor, etc. Broadman & Holman Publishers,
Date of publication, distribution, etc. c1998.
300 ## - PHYSICAL DESCRIPTION
Extent ix, 238 p. :
Other physical details ill. (some col.), maps (some col.) ;
Dimensions 22 cm.
504 ## - BIBLIOGRAPHY, ETC. NOTE
Bibliography, etc. note Includes bibliographical references (p. 237-238).
630 00 - SUBJECT ADDED ENTRY--UNIFORM TITLE
Uniform title Bible
General subdivision Geography.
650 #0 - SUBJECT ADDED ENTRY--TOPICAL TERM
Topical term or geographic name entry element Christian pilgrims and pilgrimages
Geographic subdivision Palestine
General subdivision Guidebooks.
651 #0 - SUBJECT ADDED ENTRY--GEOGRAPHIC NAME
Geographic name Israel
General subdivision Guidebooks.
651 #0 - SUBJECT ADDED ENTRY--GEOGRAPHIC NAME
Geographic name West Bank
General subdivision Guidebooks.
700 1# - ADDED ENTRY--PERSONAL NAME
Personal name Hatteberg, Greg,
Dates associated with a name 1957-
906 ## - LOCAL DATA ELEMENT F, LDF (RLIN)
a 7
b cbc
c orignew
d 1
e ocip
f 19
g y-gencatlg
942 ## - ADDED ENTRY ELEMENTS (KOHA)
Source of classification or shelving scheme Dewey Decimal Classification
Koha item type Books
Holdings
Withdrawn status Lost status Source of classification or shelving scheme Damaged status Not for loan Collection code Home library Current library Shelving location Date acquired Total Checkouts Full call number Barcode Date last seen Price effective from Koha item type
    Dewey Decimal Classification     Non-fiction Harvest Mission College Harvest Mission College General Stacks 04.03.2021   915 D996C 012351 04.03.2021 04.03.2021 Books

OPAC Designed and Maintained by HMC Library Team.
Copyright © HMC Library,Greater Noida, UP.
For any Suggestions/Query Contact library via Email:libhmc@gmail.com